LEADER 01116nam a2200241 a 4500 001 000000119509 003 CaOOAMICUS 005 20100125173634.0 008 100125t2006 ii u000 u eng r 020 $a81-7033-995-2 040 $aPUL$bita$dReb 100 1 $aKuruvachira, Jose,$cs.d.b.,$d1958-$0(OLS)http://pul/name/70171 245 10$aHindu nationalists of modern India :$ba critical study of the intellectual genealogy of Hindutva /$cJ. Kuruvachira. 260 $aJaipur [etc.] :$bRawat Publications,$cİ2006. 300 $axii, 283 p. ;$c22 cm. 504 $aBibliografia p. [244]-254. 650 4$aInduismo.$0(OLS)http://pul/subject/21774 850 $aPUL 852 $aPUL$W1$xSL Religione 3$y85$m294. 509 KURJE 1$j137104$qDDC 21$B136172$CPULBib$Z2$F136172 $H108117 $82 941 1 $a9 996 $6020$a81-7033-995-2$9(OLS)http://pul/number/143106 996 $6245$aHindu nationalists of modern India :$ba critical study of the intellectual genealogy of Hindutva$9(OLS)http://pul/title/150372 996 $6260$aJaipur [etc.] :$bRawat Publications$9(OLS)http://pul/publisher/81082 LEADER 01314nam a2200301 a 4500 001 000000167661 003 CaOOAMICUS 005 20180514164026.0 008 180514s2007 it 000 u ita r 020 $a978-88-308-0805-8* 032 $aLibriCat 040 $aPUL$bita 130 0 $aBiblia.$pN.T.$pEpistolae catholicae.$lItaliano.$0(OLS)http://pul/title/43072 245 13$aLe lettere di Paolo /$ca cura di Bruno Maggioni e Franco Manzi ; nuova traduzione e commento di Francesco Bargellini ... [et al.] . 250 $aPrima ristampa. 260 $aAssisi :$bCittadella,$cİ2007. 300 $aXXVI, 1717 p. ; $c19 cm. 630 04$aBiblia.$pN.T.$pEpistolae catholicae.$0(OLS)http://pul/subject/9854 700 1 $aBargellini, Francesco.$0(OLS)http://pul/name/81418 700 1 $aMaggioni, Bruno,$csac.,$d1932-$0(OLS)http://pul/name/24846 700 1 $aManzi, Franco.$0(OLS)http://pul/name/24483 850 $aPUL 852 $aPUL$W1$xDP1 Fondo Dalla Palma$y117$m3 D 96$j166537$qFondi$B195305$CPULBib$Z2$F195305 $HDal1759 $81 941 1 $a1 996 $6020$a978-88-308-0805-8*$9(OLS)http://pul/number/164020 996 $6245$aLe lettere di Paolo$9(OLS)http://pul/title/43571 996 $6260$aAssisi :$bCittadella$9(OLS)http://pul/publisher/49668